| 000 | 00457nam a2200181Ia 4500 | ||
|---|---|---|---|
| 008 | 220531s9999 xx 000 0 und d | ||
| 041 | _aeng | ||
| 082 | _bRUR / LAT | ||
| 100 |
_aLata, Prem _981892 |
||
| 245 | _aRural Sociology: Concept and Realities | ||
| 250 | _a1ST | ||
| 260 |
_aDelhi _bGlobus Press _c2016 |
||
| 300 | _a264 | ||
| 542 | _d28-03-2018 | ||
| 650 |
_aRural Sociology _981893 |
||
| 906 |
_d2017-2018 _f12348 |
||
| 999 |
_c45190 _d45190 |
||